| 000 | 00472nam a22001697a 4500 | ||
|---|---|---|---|
| 999 |
_c40565 _d40565 |
||
| 003 | OSt | ||
| 005 | 20201231113630.0 | ||
| 008 | 191011b ||||| |||| 00| 0 eng d | ||
| 020 | _a9788126464739 | ||
| 040 | _coclc | ||
| 082 |
_a894.812301 _bUNN/O |
||
| 100 |
_aUnni, R _98016 |
||
| 245 |
_aOru Bhayankara Kamukan / _cUnni R |
||
| 260 |
_aKottayam: _bD C Books, _c2019. |
||
| 300 | _a119p | ||
| 942 |
_2ddc _cBK _h894.812301 _iUNN/O _k894.812301 _mUNN/O |
||